000 00415nam a22001570 4500
003 PILC
005 20150905093626.0
008 970404 eng
050 _aPS 3573
_b.R724 1976
100 1 _aRogers, Rosemary.
245 1 0 _aWicked loving lies /
_cby Rosemary Rogers.
260 _aNew York :
_bAvon,
_c1976.
300 _a667 pages ;
_c19 cm.
650 _aFiction.
942 _2lcc
_cBK
_kFOR
999 _c284709
_d284709